[Event "Titled Tue 10th Jun Late"]
[Site "chess.com INT"]
[Date "2025.06.10"]
[Round "4"]
[White "Sjugirov, Sanan"]
[Black "Ebrahimi Herab, Hamidreza"]
[Result "1-0"]
[WhiteTitle "GM"]
[BlackTitle "FM"]
[WhiteElo "2635"]
[BlackElo "2404"]
[WhiteFideId "4189302"]
[BlackFideId "22512888"]
[EventDate "2025.06.10"]

1. c4 Nf6 2. Nc3 d5 3. cxd5 Nxd5 4. g3 g6 5. Bg2 Nb6 6. h4 h5 7. Nf3 Bg7 8. d3
O-O 9. O-O Nc6 10. Bg5 Bf6 11. Bh6 Bg7 12. Bxg7 Kxg7 13. Rc1 Bg4 14. Ne4 Bxf3
15. Bxf3 Nd4 16. Bg2 c6 17. Nc5 Rb8 18. e3 Nf5 19. d4 Qc7 20. e4 Nd6 21. a4 a5
22. d5 Rfd8 23. Qe2 Nd7 24. Nd3 Qb6 25. e5 Nf5 26. e6 Nf6 27. exf7 cxd5 28. Nf4
Kxf7 29. Rfe1 Re8 30. Bxd5+ Nxd5 31. Nxd5 Qd4 32. Rcd1 Qc5 33. Qe6+ Kg7 34. Nf4
Qc6 35. Qe5+ Qf6 36. Qxa5 e5 37. Rd7+ Kh8 38. Nd5 Qc6 39. Qc7 Qxc7 40. Rxc7 Re6
41. Nf4 Rf6 42. Rxe5 1-0

[Event "Titled Tue 10th Jun Late"]
[Site "chess.com INT"]
[Date "2025.06.10"]
[Round "4"]
[White "Deac, Bogdan-Daniel"]
[Black "Barria, Jose"]
[Result "1-0"]
[WhiteTitle "GM"]
[BlackTitle "FM"]
[WhiteElo "2674"]
[BlackElo "2371"]
[WhiteFideId "1226380"]
[BlackFideId "1939300"]
[EventDate "2025.06.10"]

1. d4 Nf6 2. c4 e6 3. Nc3 Bb4 4. e3 O-O 5. Bd3 Re8 6. Ne2 d5 7. O-O Nbd7 8. cxd5
exd5 9. Qb3 Bd6 10. Ng3 c6 11. Bd2 Ng4 12. Nce2 Qh4 13. h3 Nh6 14. Bb4 Bb8 15.
Be1 Qe7 16. Nf4 Nf6 17. Bb4 Bd6 18. Bxd6 Qxd6 19. Rfe1 g5 20. Nfe2 Nd7 21. e4
Nf8 22. exd5 cxd5 23. Nc3 Be6 24. Re3 Ng6 25. Rae1 Nf4 26. Bf1 b6 27. Nce2 Ng6
28. Nc3 Nf4 29. Nce2 Ng6 30. Nh5 Qd8 31. Neg3 Nf4 32. Bb5 Nxh5 33. Nxh5 Rf8 34.
Re5 Kh8 35. Qg3 Nf5 36. Qd3 Nd6 37. Ba4 Rc8 38. Bc2 Ne4 39. f3 Rxc2 40. Qxc2 Nd6
41. Qc1 Nf5 42. Qd2 h6 43. f4 Nd6 44. fxg5 Ne4 45. R5xe4 dxe4 46. g6 Qg5 47.
Qxg5 hxg5 48. g7+ Kg8 49. gxf8=Q+ 1-0

[Event "Titled Tue 10th Jun Late"]
[Site "chess.com INT"]
[Date "2025.06.10"]
[Round "4"]
[White "Ngo, Quang Thai"]
[Black "Hoeffer, David"]
[Result "1-0"]
[WhiteTitle "FM"]
[BlackTitle "FM"]
[WhiteElo "2326"]
[BlackElo "2295"]
[WhiteFideId "12403768"]
[BlackFideId "24606766"]
[EventDate "2025.06.10"]

1. d4 d5 2. c4 Nc6 3. Nf3 e5 4. dxe5 Bb4+ 5. Nbd2 dxc4 6. e3 b5 7. Be2 Be6 8.
O-O Nge7 9. a4 a6 10. axb5 axb5 11. Rxa8 Qxa8 12. b3 c3 13. Ne4 Na7 14. Qd4 Nec6
15. Qd3 Bxb3 16. Nxc3 Bc4 17. Qc2 Bxe2 18. Nxe2 O-O 19. Bb2 Qb7 20. Ng5 g6 21.
e6 f6 22. Ne4 Be7 23. Nf4 Nb4 24. Qb1 c5 25. Rd1 Qc6 26. Rd7 Nc8 27. Rxe7 Nxe7
28. Nxf6+ Rxf6 29. Bxf6 Nbd5 30. Bxe7 Nxe7 31. Qd1 Qe8 32. Qd7 Kf8 33. Qd6 c4
34. Nd5 c3 35. Nxc3 Qc8 36. Qb4 Qxe6 37. Qxb5 Qd6 38. Qb3 h5 39. h3 Kg7 40. Ne4
Qe5 41. Qc3 Qxc3 42. Nxc3 Kf6 43. Kf1 Nc6 44. Ke2 Nb4 45. Kf3 Nc6 46. Ne4+ Kg7
47. Kf4 Nb4 48. Ng5 Nd3+ 49. Kf3 Ne1+ 50. Kg3 Nxg2 51. Kxg2 1-0

[Event "Titled Tue 10th Jun Late"]
[Site "chess.com INT"]
[Date "2025.06.10"]
[Round "4"]
[White "Unver, Cumayi"]
[Black "Jasinski, Alexander"]
[Result "0-1"]
[WhiteElo "2012"]
[BlackElo "1989"]
[WhiteFideId "6304940"]
[BlackFideId "55627994"]
[EventDate "2025.06.10"]

1. d4 Nf6 2. Nc3 g6 3. e4 d6 4. Be3 Bg7 5. f3 O-O 6. Qd2 Nc6 7. O-O-O e5 8. Nge2
exd4 9. Nxd4 Nxd4 10. Bxd4 Be6 11. Kb1 a6 12. g4 b5 13. h4 h5 14. gxh5 Nxh5 15.
Bxg7 Kxg7 16. f4 Qf6 17. f5 b4 18. Nd5 Bxd5 19. Qxd5 Rae8 20. Bd3 c5 21. fxg6
fxg6 22. Rdg1 Nf4 23. Qc4 Nxd3 24. cxd3 a5 25. h5 g5 26. h6+ Kh7 27. Qc1 Rg8 28.
Rf1 Qe6 29. Rf5 g4 30. Qf4 Re7 31. Rg1 Qg6 32. Rf6 Qg5 33. Rf7+ Rxf7 34. Qxf7+
Kh8 35. h7 Rg7 36. Qf8+ Kxh7 37. Rh1+ Kg6 38. Qxd6+ Kf7 39. Rf1+ Kg8 40. Qf8+
Kh7 41. Rh1+ Kg6 42. Qe8+ Rf7 43. Rh8 Qf6 44. Rg8+ Kh5 45. Rh8+ Kg5 46. Qg8+ Kf4 0-1

[Event "Titled Tue 10th Jun Late"]
[Site "chess.com INT"]
[Date "2025.06.10"]
[Round "4"]
[White "Rustamov, Rustam"]
[Black "Melian, Juan Sebastian"]
[Result "0-1"]
[WhiteTitle "FM"]
[BlackTitle "FM"]
[WhiteElo "2334"]
[BlackElo "2358"]
[WhiteFideId "13440110"]
[BlackFideId "3706575"]
[EventDate "2025.06.10"]

1. e4 c5 2. Nf3 e6 3. d4 cxd4 4. Nxd4 Nc6 5. Nc3 Qc7 6. Be3 a6 7. Qf3 Nf6 8.
O-O-O Ne5 9. Qg3 h5 10. h4 b5 11. Bxb5 Bb7 12. Bf4 axb5 13. Bxe5 Qa5 14. Ndxb5
Nxe4 15. Nxe4 Qxb5 16. Nc3 Qc6 17. Bd6 Qxg2 18. Qd3 Bxd6 19. Qxd6 Qc6 20. Rhg1
Qxd6 21. Rxd6 g6 22. Rgd1 Bc6 23. b4 Rb8 24. a3 Ke7 25. f4 Rhc8 26. Kb2 Rc7 27.
R1d2 Kf6 28. Nd1 Kf5 29. R6d4 Kg4 30. Rh2 Kg3 31. Rdd2 Bf3 32. Ne3 Kxf4 33. Rd3
Be4 34. Rf2+ Ke5 35. Rb3 d5 36. b5 d4 37. Nf1 f5 38. Nd2 Bd5 39. Rb4 Kd6 40. a4
e5 41. b6 Rc5 42. Nb3 Bxb3 43. Kxb3 Kc6 44. a5 Rxa5 45. Rc4+ Kd5 46. Rb4 Ra6 47.
c4+ dxc3 0-1

[Event "Titled Tue 10th Jun Late"]
[Site "chess.com INT"]
[Date "2025.06.10"]
[Round "4"]
[White "Azizoglu, Ferzan"]
[Black "McDonald, Jhustice-Dimonte"]
[Result "0-1"]
[BlackTitle "CM"]
[WhiteElo "2055"]
[BlackElo "2032"]
[WhiteFideId "6302726"]
[BlackFideId "7402481"]
[EventDate "2025.06.10"]

1. d4 g6 2. Nf3 Nf6 3. g3 Bg7 4. Bg2 O-O 5. O-O c6 6. c4 d5 7. cxd5 cxd5 8. Nc3
e6 9. Ne5 Nbd7 10. f4 a6 11. Be3 b5 12. Kh1 Bb7 13. Bf2 Rc8 14. Rc1 Qa5 15. a3
Nb6 16. b4 Qxa3 17. Qd3 Ne4 18. Nxe4 Qxc1 19. Rxc1 Rxc1+ 20. Bg1 dxe4 21. Bxe4
Rd1 22. Qxd1 Bxe4+ 23. Nf3 Rc8 24. Be3 Rc3 25. Qd2 Nd5 26. Bf2 Bf8 27. Kg1 Bxb4
28. Qa2 a5 29. Be1 Rc1 30. Kf2 Bxf3 31. Bxb4 Nxb4 32. Qxa5 Nd5 33. Kxf3 b4 34.
e4 Rc3+ 35. Kg2 Ne3+ 36. Kh3 Rc4 37. d5 exd5 38. exd5 Rd4 39. Qa7 Nf5 40. g4
Rd3+ 41. Kg2 Ne3+ 42. Kf3 Nxd5+ 43. Ke4 Rd1 44. f5 Nc3+ 45. Kf4 Rd4+ 46. Kg5 Rd8 0-1

[Event "Titled Tue 10th Jun Late"]
[Site "chess.com INT"]
[Date "2025.06.10"]
[Round "4"]
[White "Povshednyi, Ivan"]
[Black "Silva, Luca"]
[Result "0-1"]
[WhiteTitle "FM"]
[BlackTitle "FM"]
[WhiteElo "2309"]
[BlackElo "2211"]
[WhiteFideId "14190907"]
[BlackFideId "147370"]
[EventDate "2025.06.10"]

1. d4 Nf6 2. c4 e6 3. Nc3 Bb4 4. e3 O-O 5. Bd2 Re8 6. Bd3 d5 7. cxd5 exd5 8. Rc1
c6 9. Nge2 Nbd7 10. O-O Nf8 11. f3 Be6 12. Qe1 Rc8 13. Qf2 c5 14. a3 Ba5 15.
dxc5 Rxc5 16. b4 Rxc3 17. Bxc3 Bb6 18. Bd4 Bc7 19. Nf4 Ng6 20. Bxg6 hxg6 21.
Rfd1 Bb8 22. h3 Qd6 23. Bc5 Qe5 24. Bd4 Qd6 25. Kf1 Bd7 26. Qh4 Bb5+ 27. Kf2 a5
28. Bxf6 gxf6 29. Nxd5 Kg7 30. f4 Ba7 31. Rc3 Bc6 32. Rcd3 axb4 33. Nxb4 Qe6 34.
Nxc6 bxc6 35. Qg3 Qa2+ 36. R1d2 Qb1 37. Qf3 c5 38. a4 c4 39. Rc3 Qa1 40. Rdc2
Qxa4 41. Rxc4 Qa1 42. R4c3 Bb6 43. Kg3 Qe1+ 44. Qf2 Qa1 45. Kh2 Ba5 46. Rc4 Rd8
47. Qf3 Rd1 48. Qe4 Rh1+ 49. Kg3 Qe1+ 50. Kf3 Rf1+ 51. Kg4 f5+ 52. Qxf5 gxf5+
53. Kxf5 Qxe3 54. g4 Qe6+ 55. Kg5 Qf6+ 56. Kh5 Qh6# 0-1

[Event "Titled Tue 10th Jun Late"]
[Site "chess.com INT"]
[Date "2025.06.10"]
[Round "4"]
[White "Perez Rojas, Jorge"]
[Black "Loskutova, Viktoriya"]
[Result "1-0"]
[WhiteTitle "FM"]
[BlackTitle "WFM"]
[WhiteElo "2100"]
[BlackElo "2092"]
[WhiteFideId "3452093"]
[BlackFideId "34166278"]
[EventDate "2025.06.10"]

1. e4 e5 2. Nc3 Nf6 3. Bc4 Nc6 4. d3 Bc5 5. Nf3 a6 6. Bg5 h6 7. Be3 Bxe3 8. fxe3
d6 9. O-O O-O 10. a3 Be6 11. Nd5 Bxd5 12. exd5 Ne7 13. e4 c6 14. dxc6 bxc6 15.
Bb3 Ng4 16. Qe2 Ng6 17. g3 Qb6+ 18. Kh1 Kh8 19. h3 Nf6 20. Kg2 a5 21. a4 Rae8
22. Rae1 d5 23. exd5 cxd5 24. Qf2 Qc7 25. Re2 e4 26. Nd4 Ne5 27. dxe4 Nxe4 28.
Qe3 Qb7 29. Qg1 Nc4 30. c3 Ng5 31. Rfe1 Re4 32. h4 Ne6 33. Rxe4 dxe4 34. Bxc4
Qxb2+ 35. Re2 Qxc3 36. Bxe6 fxe6 37. Qe3 Qa1 38. Re1 Qb2+ 39. Re2 Qa1 40. Qxe4
Qf1+ 41. Kh2 Rf2+ 42. Rxf2 Qxf2+ 43. Kh3 Qf1+ 44. Kg4 Qf6 45. Nf3 h5+ 46. Kh3
Qd8 47. Ng5 Qd1 48. Qh7# 1-0

[Event "Titled Tue 10th Jun Late"]
[Site "chess.com INT"]
[Date "2025.06.10"]
[Round "4"]
[White "Alvarado, Carlos"]
[Black "Sakmak, Kutay"]
[Result "1-0"]
[WhiteTitle "CM"]
[BlackTitle "CM"]
[WhiteElo "2032"]
[BlackElo "2158"]
[WhiteFideId "3800555"]
[BlackFideId "44581939"]
[EventDate "2025.06.10"]

1. Nf3 d5 2. b3 Nf6 3. Bb2 Bf5 4. d3 h6 5. Nbd2 Bh7 6. g3 e6 7. Bg2 c6 8. O-O
Nbd7 9. c4 Be7 10. a3 O-O 11. b4 a5 12. Bc3 Qc7 13. Qb3 a4 14. Qb2 Rfe8 15. Rac1
Qb6 16. h3 Rad8 17. Bd4 Qa6 18. c5 Bf8 19. Ne5 Nxe5 20. Bxe5 Nd7 21. Bc7 Rc8 22.
Ba5 Be7 23. Nb1 Bf6 24. Qd2 Bg6 25. d4 e5 26. e3 exd4 27. exd4 Re2 28. Qd1 Ra2
29. Nc3 Rxa3 30. Nxa4 Rd3 31. Qg4 b6 32. cxb6 Qb7 33. Nc5 Nxc5 34. dxc5 Re8 35.
Rfe1 Rxe1+ 36. Rxe1 h5 37. Qf4 Bd4 38. Qc7 Qxc7 39. bxc7 Bf5 40. Re8+ Kh7 41.
c8=Q Bxc8 42. Rxc8 Rd1+ 43. Bf1 Rd2 44. Bg2 Rxf2 45. Kh2 h4 46. gxh4 Be5+ 47.
Kg1 Bd4 48. Kh1 Rb2 49. Rxc6 Rb1+ 50. Kh2 Bg1+ 51. Kg3 Be3 52. Bxd5 Rb3 53. Kg2
Rb2+ 54. Kf3 Bd2 55. Bxf7 Bc3 56. Bg6+ Kh6 57. h5 Bf6 58. Rxf6 gxf6 59. c6 Rb3+
60. Ke4 Rc3 61. b5 Rc5 62. c7 1-0

[Event "Titled Tue 10th Jun Late"]
[Site "chess.com INT"]
[Date "2025.06.10"]
[Round "4"]
[White "Jarmula, Lukasz"]
[Black "Drygalov, Sergey"]
[Result "0-1"]
[WhiteTitle "GM"]
[BlackTitle "GM"]
[WhiteElo "2440"]
[BlackElo "2560"]
[WhiteFideId "1160664"]
[BlackFideId "24171743"]
[EventDate "2025.06.10"]

1. Nf3 c5 2. g3 Nc6 3. Bg2 e5 4. d3 Nf6 5. O-O d6 6. e4 g6 7. Nc3 Bg7 8. Bg5 h6
9. Bxf6 Bxf6 10. Nd5 Bg7 11. c3 O-O 12. Nd2 Be6 13. a4 Ne7 14. Nxe7+ Qxe7 15. a5
Rab8 16. Nc4 f5 17. exf5 gxf5 18. Ne3 f4 19. Nd5 Qf7 20. c4 f3 21. Bh1 Bxd5 22.
cxd5 Qxd5 23. Re1 Rf7 24. Re3 Rbf8 25. Ra4 Kh8 26. Rae4 Qc6 27. Bxf3 d5 28. Rh4
Qf6 29. d4 cxd4 30. Rb3 e4 31. Rf4 Qe5 32. Rxf7 Rxf7 33. Bh5 Re7 34. Qg4 Qg5 35.
Qc8+ Kh7 36. Bg4 h5 37. Bf5+ Kh6 38. h4 Qf6 39. Qc1+ e3 40. fxe3 dxe3 41. Rxe3
Qd4 42. Kf2 Rxe3 43. Qxe3+ Qxe3+ 44. Kxe3 Bxb2 45. Bc8 b6 46. a6 Be5 47. Bb7
Bxg3 0-1

[Event "Titled Tue 10th Jun Late"]
[Site "chess.com INT"]
[Date "2025.06.10"]
[Round "4"]
[White "Durarbayli, Vasif"]
[Black "Firouzja, Alireza"]
[Result "0-1"]
[WhiteTitle "GM"]
[BlackTitle "GM"]
[WhiteElo "2612"]
[BlackElo "2766"]
[WhiteFideId "13402935"]
[BlackFideId "12573981"]
[EventDate "2025.06.10"]

1. e4 g6 2. d4 Bg7 3. Nc3 a6 4. Be3 b5 5. g4 Bb7 6. Bg2 h5 7. gxh5 Rxh5 8. h4 e6
9. Qg4 b4 10. Bg5 Nf6 11. Bxf6 Bxf6 12. Nce2 Nc6 13. Nf3 d6 14. O-O-O Qe7 15. d5
exd5 16. exd5 Ne5 17. Qxb4 Bc8 18. Ng3 Rh8 19. Nxe5 Bxe5 20. f4 Rxh4 21. Ne2 Kf8
22. Qd2 Bg7 23. Rhe1 Bd7 24. Qa5 Qe3+ 25. Kb1 Qb6 26. Qxb6 cxb6 27. Rf1 Re8 28.
Bf3 Rh2 29. Nd4 Re3 30. a3 b5 31. f5 Bxd4 32. Rxd4 Bxf5 33. Bg4 Bxc2+ 34. Ka2
Bb3+ 35. Ka1 f5 36. Bd1 Bc4 37. Rg1 Kf7 38. a4 Kf6 39. axb5 axb5 40. Kb1 g5 41.
Bc2 Ree2 42. Rc1 f4 43. b3 Bxb3 44. Bxb3 Rb2+ 45. Ka1 Rxb3 46. Rc6 Ke5 47. Rd1
Ra3+ 48. Kb1 Re3 49. Rc8 Ree2 50. Re8+ Kf5 51. Rf8+ Kg4 52. Rg1+ Reg2 53. Rf1
Rb2+ 54. Kc1 Rhc2+ 55. Kd1 Rd2+ 56. Kc1 Rbc2+ 57. Kb1 Rc3 58. Rg1+ Rg3 59. Re1
Rxd5 60. Rh8 Rg2 0-1

[Event "Titled Tue 10th Jun Late"]
[Site "chess.com INT"]
[Date "2025.06.10"]
[Round "4"]
[White "Tahbaz, Arash"]
[Black "Woodward, Andy"]
[Result "1-0"]
[WhiteTitle "IM"]
[BlackTitle "GM"]
[WhiteElo "2462"]
[BlackElo "2567"]
[WhiteFideId "12528846"]
[BlackFideId "30953499"]
[EventDate "2025.06.10"]

1. Nf3 Nf6 2. g3 g6 3. Bg2 Bg7 4. O-O O-O 5. d3 d5 6. Nbd2 Nc6 7. e4 e5 8. c3
Re8 9. Re1 h6 10. Qc2 b6 11. b4 a6 12. Bb2 Bb7 13. a3 Kh7 14. Rad1 dxe4 15. dxe4
Qe7 16. Nf1 Rad8 17. Ne3 Na7 18. Nh4 Nb5 19. Rxd8 Rxd8 20. Nd5 Nxd5 21. exd5
Bxd5 22. Bxd5 Rxd5 23. c4 Nd4 24. Qe4 Rd7 25. Bxd4 f5 26. Qe3 e4 27. Bxg7 Qxg7
28. c5 Rd3 29. Qf4 bxc5 30. Rc1 Rd5 31. Rxc5 g5 32. Qxc7 Rd1+ 33. Kg2 gxh4 34.
Qxg7+ Kxg7 35. Rxf5 Rd2 36. Re5 Ra2 37. Rxe4 hxg3 38. Rg4+ Kf6 39. Rxg3 h5 40.
Rf3+ Kg5 41. Rc3 h4 42. h3 Kf4 43. Rc4+ Ke5 44. Rc5+ Ke4 45. Ra5 Kd3 46. Rxa6
Ke2 47. Re6+ Kd1 48. Re3 Kd2 49. b5 Rb2 50. a4 Rb4 51. Ra3 Ke2 52. a5 Rxb5 53.
Ra2+ Ke1 54. a6 Rg5+ 55. Kf3 Rg8 56. a7 Ra8 57. Kg4 Kf1 58. f4 Rg8+ 59. Kf3 Rg3+
60. Ke4 Kg1 61. a8=Q Rg2 62. Rxg2+ Kh1 63. Rb2 Kg1 64. Qa1# 1-0

[Event "Titled Tue 10th Jun Late"]
[Site "chess.com INT"]
[Date "2025.06.10"]
[Round "4"]
[White "Olund, Joar"]
[Black "Zepeda Berlanga, Jan Enrique"]
[Result "1-0"]
[WhiteTitle "FM"]
[BlackTitle "CM"]
[WhiteElo "2369"]
[BlackElo "1984"]
[WhiteFideId "1714848"]
[BlackFideId "5132355"]
[EventDate "2025.06.10"]

1. d4 Nf6 2. Bg5 d5 3. Nd2 Bf5 4. e3 Nbd7 5. Ngf3 e6 6. c4 c5 7. cxd5 exd5 8.
dxc5 Bxc5 9. Be2 O-O 10. O-O Qb6 11. Nb3 Rac8 12. Nfd4 Bg6 13. Bxf6 Nxf6 14.
Nxc5 Rxc5 15. Bd3 Be4 16. Nb3 Rc7 17. Bxe4 dxe4 18. Qd4 Qb5 19. Rac1 Rd7 20.
Qxa7 Rfd8 21. Qa5 Qe2 22. Nc5 Rd5 23. h3 Qxb2 24. Qc3 Qxa2 25. Nxb7 Re8 26. Qc4
Qa7 27. Qc6 Qa3 28. Rc3 Qe7 29. Rfc1 Rd3 30. Na5 h6 31. Nb3 Rxc3 32. Rxc3 Qd7
33. Qxd7 Nxd7 34. Nd4 Ne5 35. Kh2 Nd3 36. Kg3 f6 37. Nf5 g6 38. Nxh6+ Kg7 39.
Ng4 Re7 40. f3 f5 41. Nf2 exf3 42. Rxd3 fxg2 43. Kxg2 Kh6 44. Kg3 Kg5 45. Rc3
Re4 46. Nxe4+ 1-0

[Event "Titled Tue 10th Jun Late"]
[Site "chess.com INT"]
[Date "2025.06.10"]
[Round "4"]
[White "Ernst, Luca"]
[Black "Annaberdiyev, Meylis"]
[Result "1-0"]
[WhiteTitle "FM"]
[BlackTitle "GM"]
[WhiteElo "2215"]
[BlackElo "2436"]
[WhiteFideId "45117055"]
[BlackFideId "14000563"]
[EventDate "2025.06.10"]

1. e4 c5 2. Nf3 Nc6 3. d4 cxd4 4. Nxd4 e5 5. Nb5 d6 6. N1c3 a6 7. Na3 Be7 8. Nc4
b5 9. Ne3 Nf6 10. Ned5 O-O 11. Be2 Nxd5 12. Nxd5 Bg5 13. c3 Be6 14. O-O Bxc1 15.
Qxc1 f5 16. Bf3 Bxd5 17. exd5 Ne7 18. a4 e4 19. Be2 f4 20. f3 Nxd5 21. axb5 Qb6+
22. Kh1 Ne3 23. Rg1 axb5 24. Rxa8 Rxa8 25. fxe4 Re8 26. Bf3 Qc5 27. Qd2 h6 28.
Ra1 g5 29. Bh5 Rxe4 30. h3 Nf5 31. Bg6 Re2 32. Qd3 Qc6 33. Rg1 Ng3+ 34. Kh2 Nf1+
35. Kh1 Ng3+ 36. Kh2 Kg7 37. Bh7 Nf1+ 38. Kh1 Re3 39. Qg6+ Kf8 40. Qg8+ Ke7 41.
Qg7+ Kd8 42. Qf8+ Kc7 43. Qg7+ Kb6 44. Qd4+ Kc7 45. Qg7+ Kb8 46. Qf8+ Kb7 47.
Qf7+ Kb6 48. Bf5 1-0

[Event "Titled Tue 10th Jun Late"]
[Site "chess.com INT"]
[Date "2025.06.10"]
[Round "4"]
[White "Pakleza, Zbigniew"]
[Black "Mullodzhanov, Nathaniel"]
[Result "1-0"]
[WhiteTitle "GM"]
[WhiteElo "2484"]
[BlackElo "1927"]
[WhiteFideId "1119290"]
[BlackFideId "30961580"]
[EventDate "2025.06.10"]

1. d4 Nf6 2. Nf3 g6 3. Bf4 Bg7 4. e3 O-O 5. Be2 d6 6. h3 c5 7. c3 cxd4 8. cxd4
Nbd7 9. Nc3 a6 10. O-O b5 11. Qb3 Bb7 12. a4 e5 13. dxe5 dxe5 14. Nxe5 Nc5 15.
Qb4 Qb6 16. axb5 axb5 17. Qxb5 Qxb5 18. Bxb5 Nfe4 19. Nxe4 Nxe4 20. Rfc1 Nd2 21.
Rxa8 Rxa8 22. Rc7 Bd5 23. f3 g5 24. Bg3 h5 25. e4 h4 26. Bh2 Be6 27. Rc2 Ra1+
28. Kf2 Nb3 29. Nc6 Bf8 30. Be5 Bc5+ 31. Ke2 Rg1 32. Kd3 Rd1+ 33. Kc3 Nc1 34. b4
Be3 35. Nd4 Na2+ 36. Rxa2 Bxa2 37. Nf5 Bb6 38. Bd4 Bxd4+ 39. Nxd4 Rg1 40. Be2
Rxg2 41. b5 g4 42. fxg4 Rg1 43. b6 Rb1 44. Bb5 Rc1+ 45. Kb4 Rc8 46. Nc6 Re8 47.
b7 Rxe4+ 48. Kc5 Re3 49. b8=Q+ Kg7 50. Qf4 Rc3+ 51. Kb4 Rb3+ 52. Ka4 Rxh3 53.
Qe5+ Kf8 54. Qe7+ Kg7 55. Qg5+ Kh7 56. Ne5 Bb3+ 57. Ka5 Be6 58. Bd3+ Kh8 59.
Qh6+ Kg8 60. Bf5 Rc3 61. Qh7+ Kf8 62. Qh8+ Ke7 63. Ng6+ fxg6 64. Qxc3 gxf5 65.
Qg7+ Kd6 66. g5 h3 67. Qd4+ Ke7 68. Qg7+ Kd6 69. g6 h2 70. Qd4+ Ke7 71. Qh4+ Kf8
72. Qxh2 Kg7 73. Qh7+ 1-0

[Event "Titled Tue 10th Jun Late"]
[Site "chess.com INT"]
[Date "2025.06.10"]
[Round "4"]
[White "Sobek, Jaroslav"]
[Black "Petrus, Adrian"]
[Result "0-1"]
[WhiteTitle "FM"]
[BlackTitle "CM"]
[WhiteElo "2195"]
[BlackElo "2203"]
[WhiteFideId "301388"]
[BlackFideId "14573652"]
[EventDate "2025.06.10"]

1. d4 Nf6 2. c4 e6 3. Bf4 Bb4+ 4. Nd2 Nh5 5. Be3 d5 6. g3 O-O 7. Bg2 b6 8. cxd5
exd5 9. Nf3 Nc6 10. O-O Bb7 11. Rc1 Ne7 12. a3 Bd6 13. Ne5 Ng6 14. Nc6 Bxc6 15.
Rxc6 Ne7 16. Rc3 c6 17. Nf3 f6 18. Qc1 Qc7 19. Ne1 Rac8 20. Nd3 g5 21. Bf3 Ng7
22. Qc2 Qd7 23. Rc1 Ne6 24. Bg2 Kg7 25. Bh3 f5 26. f3 h6 27. Bf2 Rce8 28. b4 Nd8
29. Bg2 Ng6 30. e3 Re6 31. Nb2 Bb8 32. Bh3 Ref6 33. Qd3 h5 34. R3c2 g4 35. Bg2
h4 36. f4 hxg3 37. hxg3 Rh8 38. Kf1 Nf7 39. Bg1 Rc8 40. Na4 Nd6 41. Nc3 Nc4 42.
Ra2 Rf7 43. a4 Re8 44. b5 Nf8 45. bxc6 Qxc6 46. Nb5 a6 47. Na3 b5 48. Nxc4 bxc4
49. Qd2 Bc7 50. Rc3 Ba5 51. Rac2 Bxc3 0-1

[Event "Titled Tue 10th Jun Late"]
[Site "chess.com INT"]
[Date "2025.06.10"]
[Round "4"]
[White "Timmermans, Mark"]
[Black "Xia, Joshua"]
[Result "1-0"]
[WhiteTitle "IM"]
[WhiteElo "2405"]
[BlackElo "2035"]
[WhiteFideId "1026399"]
[BlackFideId "30987830"]
[EventDate "2025.06.10"]

1. b4 Nf6 2. Bb2 d5 3. b5 g6 4. e3 Bg7 5. c4 O-O 6. Nf3 c6 7. a4 a6 8. Be2 axb5
9. axb5 Rxa1 10. Bxa1 dxc4 11. Bxc4 cxb5 12. Bxb5 Qa5 13. Nc3 Ng4 14. Qb1 Bf5
15. Qb2 Be4 16. Be2 Nc6 17. O-O Bxf3 18. Bxf3 Nce5 19. Bxg4 Nxg4 20. h3 Ne5 21.
Qxb7 Nc4 22. d4 e5 23. Nb5 exd4 24. Bxd4 Qb4 25. Bxg7 Kxg7 26. Qd5 Re8 27. Nd4
Nd2 28. Rd1 Ne4 29. Qc6 Re7 30. Qc2 Qc3 31. Qa2 Qc5 32. Qb2 Qe5 33. Rc1 Qf6 34.
Qc2 Nd6 35. Nf3 Re4 36. Rd1 Re6 37. Qc5 Ne4 38. Qa5 Rd6 39. Rxd6 Nxd6 40. Ne5
Ne4 41. f3 Ng3 42. Qc7 Nf5 43. e4 Nd4 44. Nd7 Qg5 45. Qc3 Qc1+ 46. Qxc1 Ne2+ 47.
Kf2 Nxc1 48. Ke3 Nb3 49. Kd3 Na5 50. Kd4 Nc6+ 51. Kd5 Ne7+ 52. Kd6 Ng8 53. e5
Nh6 54. g4 Ng8 55. f4 h6 56. h4 g5 57. hxg5 hxg5 58. fxg5 Kg6 59. Nf6 Nxf6 60.
gxf6 Kg5 61. Ke7 Kxg4 62. Kxf7 1-0

[Event "Titled Tue 10th Jun Late"]
[Site "chess.com INT"]
[Date "2025.06.10"]
[Round "4"]
[White "Dudzinski, Pawel"]
[Black "Amarasinghe, A A C B"]
[Result "1-0"]
[WhiteTitle "FM"]
[BlackTitle "CM"]
[WhiteElo "2191"]
[BlackElo "1922"]
[WhiteFideId "1117890"]
[BlackFideId "9901809"]
[EventDate "2025.06.10"]

1. e4 e6 2. c4 c5 3. Nc3 Nf6 4. Nf3 Nc6 5. d4 cxd4 6. Nxd4 Bb4 7. Nxc6 bxc6 8.
Bd3 e5 9. Bd2 O-O 10. O-O d6 11. Qc2 Bc5 12. h3 Nh5 13. Ne2 Qf6 14. b4 Bb6 15.
c5 dxc5 16. bxc5 Bd8 17. Rab1 Qg6 18. Kh1 Bg5 19. g4 Nf4 20. Nxf4 Bxf4 21. Bxf4
exf4 22. f3 h5 23. Qe2 Rd8 24. Rfd1 hxg4 25. hxg4 Qg5 26. e5 Be6 27. Be4 g6 28.
Bxc6 Rab8 29. Rxb8 Rxb8 30. Bd5 Bxd5 31. Rxd5 Qh4+ 32. Kg2 Qg3+ 33. Kf1 Rb1+ 34.
Rd1 Qh3+ 35. Ke1 Qh1+ 36. Kd2 Rb2+ 37. Kd3 Rxe2 38. Rxh1 Re3+ 39. Kd4 Rxf3 40.
c6 Rf2 41. Rc1 Rd2+ 42. Kc5 Rd8 43. c7 Re8 44. Kd6 Kg7 45. c8=Q Rxc8 46. Rxc8 g5
47. Rc7 Kg6 48. Rxa7 f3 49. Ra3 1-0

[Event "Titled Tue 10th Jun Late"]
[Site "chess.com INT"]
[Date "2025.06.10"]
[Round "4"]
[White "Klepek, Witold"]
[Black "Rodrigues, Leonardo De Miranda"]
[Result "1-0"]
[WhiteTitle "CM"]
[WhiteElo "2253"]
[BlackElo "2111"]
[WhiteFideId "1175068"]
[BlackFideId "2108658"]
[EventDate "2025.06.10"]

1. c4 Nf6 2. Nf3 g6 3. Nc3 Bg7 4. d4 O-O 5. e4 d6 6. Be2 Nbd7 7. O-O c5 8. d5 a6
9. a4 Ng4 10. Ne1 h5 11. h3 Ngf6 12. Nd3 e6 13. Bg5 exd5 14. exd5 Re8 15. Bf3
Qc7 16. Re1 b6 17. Qd2 Nf8 18. Rxe8 Nxe8 19. Re1 Nf6 20. Qf4 N8h7 21. Bh6 Bh8
22. g4 hxg4 23. hxg4 Bd7 24. g5 Re8 25. gxf6 Rxe1+ 26. Nxe1 Bxf6 27. Nd3 Bf5 28.
Ne4 Be5 29. Nxe5 dxe5 30. Qh4 Bxe4 31. Bxe4 f5 32. Bg2 Qd6 33. Bd2 Nf6 34. Bc3
Ng4 35. Bf3 Nf6 36. Qg3 Nd7 37. Bg2 Kf7 38. Qh4 Qf6 39. Qh7+ Ke8 40. Qg8+ Nf8
41. a5 bxa5 42. Bxa5 g5 43. Bd2 g4 44. Bg5 Qf7 45. Qxf7+ Kxf7 46. Bh6 Nd7 47.
Kf1 Kg6 48. Bd2 f4 49. Ke1 Kf5 50. f3 g3 51. Bh3+ Kg5 52. Bxd7 1-0